000 00889nam a22002657a 4500
001 BR8702788
003 BR-BrBNA
005 20230928092532.0
007 ta
008 230509b bl.||||| |||| 00| 0 por d
040 _aBR-BrBNA
_bpor
_cBiblioteca Nacional de Agricultura
041 _a(Por)
072 _aL10
_b5300
_b/G514
090 _ 5300 BR8702788
110 1 _aAssociacao Catarinense de Criadores de Suinos, Concordia, SC (Brasil)
_9383
245 1 _aPrograma de melhoramento genetico de suinos de Santa Catarina; resultados alcancados em 1985 [Brasil]
260 3 _aConcordia, SC (Brasil):
_c1985.
300 _a50 p.
500 _a46 tables; 9 graphs. (*) Documento disponível na(o) CEAGRI, Florianopolis, SC (Brazil)
650 _aMELHORAMENTO GENETICO ANIMAL
650 _aSUINO
650 _aSANTA CATARINA
909 _a202309
_bLucia
_c55
_dLucia Elande
942 _cBK
999 _c39661
_d39661